MARC details
| 000 -LEADER |
| fixed length control field |
09276cam a2200685 4500 |
| 008 - FIXED-LENGTH DATA ELEMENTS--GENERAL INFORMATION |
| fixed length control field |
090401t1996 xxu||||| |||| 00| 0 eng d |
| 020 ## - INTERNATIONAL STANDARD BOOK NUMBER |
| International Standard Book Number |
0854067434 |
| 035 ## - SYSTEM CONTROL NUMBER |
| System control number |
(Sirsi) u64153 |
| 041 ## - LANGUAGE CODE |
| Language code of text/sound track or separate title |
eng |
| 050 ## - LIBRARY OF CONGRESS CALL NUMBER |
| Classification number |
690.072 |
| 090 ## - LOCALLY ASSIGNED LC-TYPE CALL NUMBER (OCLC); LOCAL CALL NUMBER (RLIN) |
| Classification number (OCLC) (R) ; Classification number, CALL (RLIN) (NR) |
RICS 1996/6ABCD |
| 110 ## - MAIN ENTRY--CORPORATE NAME |
| Corporate name or jurisdiction name as entry element |
Royal Institution of Chartered Surveyors |
| 9 (RLIN) |
4900 |
| 245 ## - TITLE STATEMENT |
| Title |
COBRA `95 : proceedings of the first RICS Construction and Building Research Conference held at Heriot-Watt University on 8th-9th September 1995. Volume 1 |
| Medium |
[electronic resource] |
| 260 ## - PUBLICATION, DISTRIBUTION, ETC. |
| Place of publication, distribution, etc. |
London |
| Name of publisher, distributor, etc. |
RICS |
| Date of publication, distribution, etc. |
1996 |
| 300 ## - PHYSICAL DESCRIPTION |
| Extent |
263p. ; 30cm. |
| 350 ## - PRICE (NR) (BK AM CF MU VM SE) [OBSOLETE] |
| Price |
30 |
| 520 ## - SUMMARY, ETC. |
| Summary, etc. |
Volume 1 ISBN 0854067434. CONTENTS:- Contexts and trends in the construction industry - keynote address at the COBRA conference. - BARRETT, P. / Integrating and managing the project team. - HOWELL, P. & HARDCASTLE, C. / How clients influence construction professionals' working practices. - SIMISTER, S. / Assessing the effectiveness of client participation in construction projects. - DAVENPORT, D & SMITH, R. / The growth and development of project management in the UK construction industry. - GAMESON, R. & LOWE, D. / An investigation into the reasons for cost differences between equivalent French and UK construction activities in the field of concrete work. - SMITH, R. & DAVENPORT, D. / Marketing the professional service by quantity surveying consultancy practices in South Africa. - BOWEN, P. & RWELAMILA, P. / An examination of the varying methods employed to manage the client relationship in building surveying practices. - WELDON, J. & BARRETT, P. / Changing nature of QS practices in New Zealand. - WILKINSON, S. /Life cycle costing techniques: how the construction industry could learn from other industries - GARNETT, N.; OWEN, K. / Facilities Programming - KELLY, J.; MALE, S. / Strategic cost modelling and the role of judgment - FORTUNE, C.; LEES, M. / Examination of the modelling potential of life cycle costs for office buildings - EATON, D.; SMITH, J. / Determining the influence of design attributes on construction costs - JAMES, H.; PACKER, A.; TATE, B. / Effect of value techniques on design flair - MORLEDGE, R.; MARRIOTT, P. / A method for allowing dependency between activities duration in solving the problem of stochastic network analysis - DAWOOD, N. / Multi-criteria analysis for satisfying client needs - OLTEAN-DUMBRAVA, C. / The application of computer generated graphics in organisational decision support systems operating in a real time mode - MCGEORGE, D.; CHEN, S. E.; OSTWALD, E. / The effectiveness of the design team as a temporary management structure - HALL, K. & BOWEN, P. / Changing procedures and practices and their impact on the industry: the supply of construction services for the repair and maintenance of historic buildings and monuments - DREWER, S.; STEEL, M. / Error characteristics of the English house condition survey - LARHAM, R. / Construction on contaminated land - LEWRY, A.; GARWIN, S. / Assisted learning in building condition assessment - MIKA, S. / The 'art' and the management of design and build competitions - ORMEROD, M. / Flood damage and Reinstatement - LUNAN, N. / Procurement and the use of intelligent contract authoring - HIBBERD, P.; STANSFIELD, F. / Quantity surveyors' role in design and build procurement method - KENNEDY, S.; AKINTOYE, A. / Strategies for procurement: development of choice and implementation methodology - MORLEDGE, R.; SHARIF, A. / New forms of project procurement: implications for cost databases, cost planning and tender price indexing - SMITH R.; ADAM F.; QUINN, E. / Postmodernism provides new ways of thinking about construction procurement - STANSFIELD, F. / Interpretive and modelling problems of risk and uncertainty in bidding techniques - EATON D. |
| 650 ## - SUBJECT ADDED ENTRY--TOPICAL TERM |
| Topical term or geographic name entry element |
Refurbishment |
| 9 (RLIN) |
6264 |
| 650 ## - SUBJECT ADDED ENTRY--TOPICAL TERM |
| Topical term or geographic name entry element |
BUILDING RESEARCH |
| 650 ## - SUBJECT ADDED ENTRY--TOPICAL TERM |
| Topical term or geographic name entry element |
BUSINESS PROCESS RE-ENGINEERING |
| 650 ## - SUBJECT ADDED ENTRY--TOPICAL TERM |
| Topical term or geographic name entry element |
COBRA 95 |
| 650 ## - SUBJECT ADDED ENTRY--TOPICAL TERM |
| Topical term or geographic name entry element |
CONSTRUCTION AND BUILDING RESEARCH |
| 650 ## - SUBJECT ADDED ENTRY--TOPICAL TERM |
| Topical term or geographic name entry element |
CONSTRUCTION ECONOMICS |
| 650 ## - SUBJECT ADDED ENTRY--TOPICAL TERM |
| Topical term or geographic name entry element |
CONSTRUCTION INDUSTRY |
| 650 ## - SUBJECT ADDED ENTRY--TOPICAL TERM |
| Topical term or geographic name entry element |
CONSTRUCTION MAINTENANCE |
| 650 ## - SUBJECT ADDED ENTRY--TOPICAL TERM |
| Topical term or geographic name entry element |
CONSTRUCTION RESEARCH |
| 650 ## - SUBJECT ADDED ENTRY--TOPICAL TERM |
| Topical term or geographic name entry element |
ENERGY EFFICIENCY |
| 650 ## - SUBJECT ADDED ENTRY--TOPICAL TERM |
| Topical term or geographic name entry element |
Facilities management |
| 9 (RLIN) |
6240 |
| 650 ## - SUBJECT ADDED ENTRY--TOPICAL TERM |
| Topical term or geographic name entry element |
HOUSING MANAGEMENT |
| 650 ## - SUBJECT ADDED ENTRY--TOPICAL TERM |
| Topical term or geographic name entry element |
Property management |
| 9 (RLIN) |
6262 |
| 650 ## - SUBJECT ADDED ENTRY--TOPICAL TERM |
| Topical term or geographic name entry element |
RISK MANAGEMENT |
| 690 ## - LOCAL SUBJECT ADDED ENTRY--TOPICAL TERM (OCLC, RLIN) |
| Topical term or geographic name as entry element |
BUILT ENVIRONMENT |
| 856 40 - ELECTRONIC LOCATION AND ACCESS |
| Uniform Resource Identifier |
<a href="https://www.rics.org/Global/Downloads/ContextTrendsConstructionIndustry1995.pdf">https://www.rics.org/Global/Downloads/ContextTrendsConstructionIndustry1995.pdf</a> |
| Public note |
View 'Context and trends in the construction industry' at www.rics.org... |
| 856 40 - ELECTRONIC LOCATION AND ACCESS |
| Uniform Resource Identifier |
<a href="https://www.rics.org/Global/Downloads/IntegratingManagingProjectTeam199509.pdf">https://www.rics.org/Global/Downloads/IntegratingManagingProjectTeam199509.pdf</a> |
| Public note |
View 'Integrating and managing the project team: an analysis of design and build contracts' at www.rics.org... |
| 856 40 - ELECTRONIC LOCATION AND ACCESS |
| Uniform Resource Identifier |
<a href="https://www.rics.org/Global/Downloads/HowClientsInfluenceConstructionProfessionalsWorkingPractices199507.pdf">https://www.rics.org/Global/Downloads/HowClientsInfluenceConstructionProfessionalsWorkingPractices199507.pdf</a> |
| Public note |
View 'How clients influence construction professionals' working practices' at www.rics.org... |
| 856 40 - ELECTRONIC LOCATION AND ACCESS |
| Uniform Resource Identifier |
<a href="https://www.rics.org/Global/Downloads/EffectivenessClientParticipationConstructionProjects199509.pdf">https://www.rics.org/Global/Downloads/EffectivenessClientParticipationConstructionProjects199509.pdf</a> |
| Public note |
View 'Assessing the effectiveness of client participation in construction projects' at www.rics.org... |
| 856 40 - ELECTRONIC LOCATION AND ACCESS |
| Uniform Resource Identifier |
<a href="https://www.rics.org/Global/Downloads/GrowthDevelopmentProjectManagementUK199509.pdf">https://www.rics.org/Global/Downloads/GrowthDevelopmentProjectManagementUK199509.pdf</a> |
| Public note |
View 'The growth and development of project management in the UK construction industry' at www.rics.org... |
| 856 40 - ELECTRONIC LOCATION AND ACCESS |
| Uniform Resource Identifier |
<a href="https://www.rics.org/Global/Downloads/ChangingNatureQSPracticesNewZealand1995.pdf">https://www.rics.org/Global/Downloads/ChangingNatureQSPracticesNewZealand1995.pdf</a> |
| Public note |
View 'Changing nature of QS practices in New Zealand' at www.rics.org... |
| 856 40 - ELECTRONIC LOCATION AND ACCESS |
| Uniform Resource Identifier |
<a href="https://www.rics.org/Global/Downloads/LifeCycleCostingTechniques199507.pdf">https://www.rics.org/Global/Downloads/LifeCycleCostingTechniques199507.pdf</a> |
| Public note |
View ' Life cycle costing techniques: how the construction industry could learn from other industries' at www.rics.org... |
| 856 40 - ELECTRONIC LOCATION AND ACCESS |
| Uniform Resource Identifier |
<a href="https://www.rics.org/Global/Downloads/FacilitiesProgramming199509.pdf">https://www.rics.org/Global/Downloads/FacilitiesProgramming199509.pdf</a> |
| Public note |
View 'Facilities Programming' at www.rics.org... |
| 856 40 - ELECTRONIC LOCATION AND ACCESS |
| Uniform Resource Identifier |
<a href="https://www.rics.org/Global/Downloads/StrategicCostModellingRoleOfJudgement1995.pdf">https://www.rics.org/Global/Downloads/StrategicCostModellingRoleOfJudgement1995.pdf</a> |
| Public note |
View 'Strategic cost modelling and the role of judgement' at www.rics.org |
| 856 40 - ELECTRONIC LOCATION AND ACCESS |
| Uniform Resource Identifier |
<a href="https://www.rics.org/Global/Downloads/InfluenceDesignAttributesConstructionCosts1995.pdf">https://www.rics.org/Global/Downloads/InfluenceDesignAttributesConstructionCosts1995.pdf</a> |
| Public note |
View 'Determining the influence of design attributes on construction costs' at www.rics.org... |
| 856 40 - ELECTRONIC LOCATION AND ACCESS |
| Uniform Resource Identifier |
<a href="https://www.rics.org/Global/Downloads/EffectValueTechniquesDesignFlair1995.pdf">https://www.rics.org/Global/Downloads/EffectValueTechniquesDesignFlair1995.pdf</a> |
| Public note |
View 'Effect of value techniques on design flair' at www.rics.org... |
| 856 40 - ELECTRONIC LOCATION AND ACCESS |
| Uniform Resource Identifier |
<a href="https://www.rics.org/Global/Downloads/MethodAllowing_Dependency1995.pdf">https://www.rics.org/Global/Downloads/MethodAllowing_Dependency1995.pdf</a> |
| Public note |
View 'A method for allowing dependency between activities duration in solving the problem of stochastic network analysis' at www.rics.org... |
| 856 40 - ELECTRONIC LOCATION AND ACCESS |
| Uniform Resource Identifier |
<a href="https://www.rics.org/Global/Downloads/MultiCriteriaAnalysisSatisfyingClientNeeds199509.pdf">https://www.rics.org/Global/Downloads/MultiCriteriaAnalysisSatisfyingClientNeeds199509.pdf</a> |
| Public note |
View 'Multi-criteria analysis for satisfying client needs' at www.rics.org... |
| 856 40 - ELECTRONIC LOCATION AND ACCESS |
| Uniform Resource Identifier |
<a href="https://www.rics.org/Global/Downloads/ApplicationComputerGeneratedGraphicsOrganisationalDecision199509.pdf">https://www.rics.org/Global/Downloads/ApplicationComputerGeneratedGraphicsOrganisationalDecision199509.pdf</a> |
| Public note |
View 'The application of computer generated graphics in organisational decision support systems operating in a real time mode' at www.rics.org... |
| 856 40 - ELECTRONIC LOCATION AND ACCESS |
| Uniform Resource Identifier |
<a href="https://www.rics.org/Global/Downloads/ChangingProceduresPracticesHistoricBuildings1995.pdf">https://www.rics.org/Global/Downloads/ChangingProceduresPracticesHistoricBuildings1995.pdf</a> |
| Public note |
View 'Changing procedures and practices and their impact on the industry: the supply of construction services for the repair and maintenance of historic buildings and monuments' at www.rics.org... |
| 856 40 - ELECTRONIC LOCATION AND ACCESS |
| Uniform Resource Identifier |
<a href="https://www.rics.org/Global/Downloads/ErrorCharacteristicsEnglishHouseConditionSurvey1995.pdf">https://www.rics.org/Global/Downloads/ErrorCharacteristicsEnglishHouseConditionSurvey1995.pdf</a> |
| Public note |
View 'Error characteristics of the English house condition survey' at www.rics.org... |
| 856 40 - ELECTRONIC LOCATION AND ACCESS |
| Uniform Resource Identifier |
<a href="https://www.rics.org/Global/Downloads/ConstructionOnContaminatedLand1995.pdf">https://www.rics.org/Global/Downloads/ConstructionOnContaminatedLand1995.pdf</a> |
| Public note |
View 'Construction on contaminated land' at www.rics.org... |
| 856 40 - ELECTRONIC LOCATION AND ACCESS |
| Uniform Resource Identifier |
<a href="https://www.rics.org/Global/Downloads/AssistedLearningBuildingConditionAssessment199509.pdf">https://www.rics.org/Global/Downloads/AssistedLearningBuildingConditionAssessment199509.pdf</a> |
| Public note |
View 'Assisted learning in building condition assessment' at www.rics.org... |
| 856 40 - ELECTRONIC LOCATION AND ACCESS |
| Uniform Resource Identifier |
<a href="https://www.rics.org/Global/Downloads/FloodDamageReinstatement1995_1_.pdf">https://www.rics.org/Global/Downloads/FloodDamageReinstatement1995_1_.pdf</a> |
| Public note |
View 'Flood damage and reinstatement' at www.rics.org... |
| 856 40 - ELECTRONIC LOCATION AND ACCESS |
| Uniform Resource Identifier |
<a href="https://www.rics.org/Global/Downloads/ProcurementUseOfIntelligentContractAuthoring1995.pdf">https://www.rics.org/Global/Downloads/ProcurementUseOfIntelligentContractAuthoring1995.pdf</a> |
| Public note |
View 'Procurement and the use of intelligent contract authoring' at www.rics.org... |
| 856 40 - ELECTRONIC LOCATION AND ACCESS |
| Uniform Resource Identifier |
<a href="https://www.rics.org/Global/Downloads/QSRoleInDesign1995.pdf">https://www.rics.org/Global/Downloads/QSRoleInDesign1995.pdf</a> |
| Public note |
View 'Quantity surveyors' role in design and build procurement method' at www.rics.org... |
| 856 40 - ELECTRONIC LOCATION AND ACCESS |
| Uniform Resource Identifier |
<a href="https://www.rics.org/Global/Downloads/StrategiesForProcurement1995.pdf">https://www.rics.org/Global/Downloads/StrategiesForProcurement1995.pdf</a> |
| Public note |
View 'Strategies for procurement' at www.rics.org... |
| 856 40 - ELECTRONIC LOCATION AND ACCESS |
| Uniform Resource Identifier |
<a href="https://www.rics.org/Global/Downloads/NewFormsProjectProcurement1995.pdf">https://www.rics.org/Global/Downloads/NewFormsProjectProcurement1995.pdf</a> |
| Public note |
View 'New forms of project procurement: implications for cost databases, cost planning and tender price indexing' at www.rics.org... |
| 856 40 - ELECTRONIC LOCATION AND ACCESS |
| Uniform Resource Identifier |
<a href="https://www.rics.org/Global/Downloads/PostmodernismProvidesNewWaysThinking1995.pdf">https://www.rics.org/Global/Downloads/PostmodernismProvidesNewWaysThinking1995.pdf</a> |
| Public note |
View 'Postmodernism provides new ways of thinking about construction procurement' at www.rics.org... |
| 856 40 - ELECTRONIC LOCATION AND ACCESS |
| Uniform Resource Identifier |
<a href="https://www.rics.org/Global/Downloads/InterpretiveModellingProblemsRisk1995.pdf">https://www.rics.org/Global/Downloads/InterpretiveModellingProblemsRisk1995.pdf</a> |
| Public note |
View 'Interpretive and modelling problems of risk and uncertainty in bidding techniques' at www.rics.org... |
| 942 ## - ADDED ENTRY ELEMENTS (KOHA) |
| Suppress in OPAC |
0 |
| 948 ## - LOCAL PROCESSING INFORMATION (OCLC); SERIES PART DESIGNATOR (RLIN) |
| c (OCLC) |
04/03/1997 |